| 000 | 00902nam a22002057a 4500 | ||
|---|---|---|---|
| 008 | 231109s2023 xxk|||||o||||o00| 0 eng d | ||
| 245 |
_aPlanning for solar farms _h[Electronic resource] |
||
| 260 |
_aLondon, _bHouse of Commons Library, _c8 November 2023 |
||
| 490 | _aResearch Briefing | ||
| 520 | _aA House of Commons Library briefing covers planning policy for solar farms in England and the devolved administrations and commentary on the use of agricultural land for solar farms. Paper number 7434 | ||
| 650 | _aENERGY | ||
| 650 | _aSOLAR ENERGY | ||
| 650 | _aSOLAR FARMS | ||
| 650 | _aPLANNING | ||
| 690 |
_96259 _aPlanning and development |
||
| 700 | _aRankl, Felicia | ||
| 710 |
_91448 _aParliament. House of Commons. Library |
||
| 856 |
_uhttps://researchbriefings.files.parliament.uk/documents/CBP-7434/CBP-7434.pdf _zAvailable online at the House of Commons Library |
||
| 942 | _2ddc | ||
| 999 |
_c121706 _d121706 |
||